000 00582nam a2200229Ia 4500
003 OSt
005 20221007082156.0
006 a|||||r|||| 00| 0
007 ta
008 221006b |||||||| |||| 00| 0 eng d
024 _a22,163
037 _cReference Collections
040 _aFLL
_cFLL
_beng
041 _2eng
_aeng
082 _aZ236:211:3, G0
100 _aBhatnagar
_9407303
245 0 _aPunjab tenancy act
260 _c1930
300 _a307,23p
_ccm.
942 _hZ236:211:3, G0
_cREF
_2CC
999 _c1165564
_d1165564